000 00708nam a2200193Ia 4500
003 GCL
008 140319s9999 xx 000 0 ara d
020 _a8297287977
040 _aGCL /
_cGCL
082 0 4 _a624.20288
_bش ا
100 1 _aشريف فتحى الشافعى
245 1 0 _aالاساليب الفنية الحديثة لصيانة العناصر الانشائية بالكبارى /
_cشريف فتحى الشافعى
260 _aالقاهرة :
_bدار الكتب العلمية للنشر والتوزيع ،
_c2003
300 _a325 ص ؛
_c24 سم
650 0 4 _aالهندسة المدنية
650 0 4 _aالكبارى
650 0 4 _aالكبارى - صيانة
942 _2ddc
_cBK
999 _c5158
_d5158